000 00436nam a2200181Ia 4500
001 23481
005 20260414150940.0
008 260414t2004||||xx |||||||||||||| ||spa||
041 _aESP
082 _a650.1
_bM61
110 _aMinisterio de Trabajo y Promoción del Empleo
245 0 _aEmprende Empresa
_b
260 _c2004
300 _a196 páginas :
_c21 cm.
650 _aGEN
654 _aCCO
942 _cLIB
_dJUS
_fJUS
_2ddc
_n
999 _c23481
_d23481